Làng Trà Kiệu (Duy Xuyên - Quảng Nam) (1471 - 1945)

Cơ sở hình thành Làng Trà Kiệu (Duy Xuyên - Quảng Nam). Quá trình hình thành và phát triển của Làng Trà Kiệu (Duy Xuyên - Quảng Nam) (1471 - 1945). Những giá trị đặc trưng, vai trò của Làng Trà Kiệu

Αποθηκεύτηκε σε:
Λεπτομέρειες βιβλιογραφικής εγγραφής
Κύριος συγγραφέας: Võ, H
Άλλοι συγγραφείς: Lê, Thị Mai Th.S (Hướng dẫn)
Μορφή: Βιβλίο
Γλώσσα:Vietnamese
Έκδοση: Đại học Đà Nẵng Trường đại học Sư Phạm 2011
Σειρά:Khóa luận tốt nghiệp đại học. Chuyên ngành: Sư phạm Sử
Θέματα:
Ετικέτες: Προσθήκη ετικέτας
Δεν υπάρχουν, Καταχωρήστε ετικέτα πρώτοι!
Thư viện lưu trữ: Mạng thư viện Đại học Đà Nẵng
LEADER 01532nam a2200349 4500
001 000012336
003 8630
005 20120217150231.0
008 120217s2011 viesd
041 |a vie 
072 |a Khóa luận tốt nghiệp 
082 |a 959.752  |b VO-H 
100 |a Võ, Hà 
245 |a Làng Trà Kiệu (Duy Xuyên - Quảng Nam) (1471 - 1945)  |c Võ, Hà 
260 |a Đại học Đà Nẵng  |b Trường đại học Sư Phạm  |c 2011 
300 |a 68 tr.  |b hình mhọa  |c 29 cm 
490 |a Khóa luận tốt nghiệp đại học. Chuyên ngành: Sư phạm Sử 
500 |a Tham khảo tr.65 - 68 + phụ lục [17 tr.] 
520 |a Cơ sở hình thành Làng Trà Kiệu (Duy Xuyên - Quảng Nam). Quá trình hình thành và phát triển của Làng Trà Kiệu (Duy Xuyên - Quảng Nam) (1471 - 1945). Những giá trị đặc trưng, vai trò của Làng Trà Kiệu 
653 |a Khóa luận tốt nghiệp đại học 
653 |a Khoa Lịch Sử 
700 |a Lê, Thị Mai  |c Th.S  |e Hướng dẫn 
OWN |a LSP 
AVA |a UDN50  |b LSP  |d 959.752 VO-H  |e available  |t Error 5001 Not defined in file expand_doc_bib_avail.  |f 1  |g 0  |h N  |i 0  |k 1 
999 |a From the UDN01 
AVA |a UDN50  |b LSP  |d 959.752 VO-H  |e available  |t Error 5001 Not defined in file expand_doc_bib_avail.  |f 1  |g 0  |h N  |i 0  |k 1 
TYP |a Monograph 
TYP |a Printed language 
980 |a Mạng thư viện Đại học Đà Nẵng